书目信息 |
| 题名: |
体育项目英语会话·花样游泳
|
|
| 作者: | 田慧 主编 | |
| 分册: | 花样游泳 | |
| 出版信息: | 北京 北京体育大学出版社 2017.06 |
|
| 页数: | 146页 | |
| 开本: | 21cm | |
| 丛书名: | ||
| 单 册: | ||
| 中图分类: | G8 , G861.18 | |
| 科图分类: | ||
| 主题词: | 水上运动--英语--口语 , 花样游泳--英语--口语 , 冰上运动 , 雪上运动 | |
| 电子资源: | ||
| ISBN: | 978-7-5644-2658-3 | |
| 000 | 01072nam0 2200277 450 | |
| 001 | 1135 | |
| 005 | 20180927135118.12 | |
| 010 | @a978-7-5644-2658-3@dCNY42.00 | |
| 100 | @a20180612d2017 em y0chiy50 ea | |
| 101 | 0 | @achi@aeng |
| 102 | @aCN@b110000 | |
| 105 | @aa z 000yy | |
| 200 | 1 | @a体育项目英语会话·花样游泳@Ati yu xiang mu ying yu hui hua·hua yang you yong@9ti yu xiang mu ying yu hui hua@i花样游泳@dEnglish dialogues for sports@iSynchronized swimming@f田慧主编@zeng |
| 210 | @a北京@c北京体育大学出版社@d2017.06 | |
| 215 | @a146页@c图@d21cm | |
| 330 | @a本书主要介绍了花样游泳项目中涉及的专业用语以及日常用语,并配图加以说明,其内容包含如何评分、如何做各种专业动作、基础动作和姿势、舞蹈训练、音乐理解等等。 | |
| 510 | 1 | @aEnglish dialogues for sports@iSynchronized swimming@zeng |
| 606 | 0 | @a水上运动@x英语@x口语 |
| 606 | 0 | @a花样游泳@x英语@x口语 |
| 606 | 0 | @a冰上运动 |
| 606 | 0 | @a雪上运动 |
| 690 | @aG8@v5 | |
| 690 | @aG861.18@v4 | |
| 701 | 0 | @a田慧@9tian hui@c(外语)@4主编 |
| 801 | 0 | @aCN@b91MARC@c20180612 |
| 905 | @aMuseLib@dG861.18@e95 | |
| 体育项目英语会话·花样游泳.花样游泳=English dialogues for sports.Synchronized swimming/田慧主编.-北京:北京体育大学出版社,2017.06 |
| 146页:图;21cm |
| ISBN 978-7-5644-2658-3:CNY42.00 |
| 本书主要介绍了花样游泳项目中涉及的专业用语以及日常用语,并配图加以说明,其内容包含如何评分、如何做各种专业动作、基础动作和姿势、舞蹈训练、音乐理解等等。 |
| ● |
| 相关链接 |
|
|
|
|
正题名:体育项目英语会话·花样游泳
索取号:G861.18/95
 
预约/预借
| 序号 | 登录号 | 条形码 | 馆藏地/架位号 | 状态 | 备注 |
| 1 | 1121334 | 211213346 | 第一样本阅览室/ [索取号:G861.18/95] | 在馆 | |
| 2 | 1121335 | 211213355 | 第四借阅区/ [索取号:G861.18/95] | 在馆 | |
| 3 | 1121336 | 211213364 | 第四借阅区/ [索取号:G861.18/95] | 在馆 | |
| 4 | 1121337 | 211213373 | 第四借阅区/ [索取号:G861.18/95] | 在馆 | |
| 5 | 1121338 | 211213382 | 第四借阅区/ [索取号:G861.18/95] | 在馆 |